000 00242nam a2200097Ia 4500
001 1209026
005 20250827022857.0
008 250824s9999 xx 000 0 und d
245 0 _aBU YALAN TANGO
_cSELİM İLERİ
260 _bEVEREST YAYINLARI
999 _c1209026
_d1209026